[Event "Vlaams kampioenschap 17"]
[Site "KGSRL"]
[Date "2017.05.25"]
[Round "1.2"]
[White "Hamblok, Roel"]
[Black "Ghyselen, Wouter"]
[Result "1/2-1/2"]
[WhiteElo "2311"]
[BlackElo "2152"]
[PlyCount "38"]
[EventDate "2017.??.??"]

1. e4 d6 2. Nc3 Nf6 3. f4 d5 4. e5 d4 5. Nce2 Nd5 6. Nxd4 Nxf4 7. Ndf3 c5 8. d4
Ng6 9. d5 e6 10. c4 Nd7 11. Qe2 exd5 12. cxd5 c4 13. d6 Ndxe5 14. Nxe5 Qa5+ 15.
Bd2 Qxe5 16. Bc3 Qxe2+ 17. Bxe2 Be6 18. O-O-O O-O-O 19. g3 Rxd6 1/2-1/2

[Event "Vlaams kampioenschap 17"]
[Site "KGSRL"]
[Date "2017.05.25"]
[Round "1.4"]
[White "Bomans, Arno"]
[Black "Dardha, Daniel"]
[Result "1/2-1/2"]
[WhiteElo "2274"]
[BlackElo "2088"]
[PlyCount "27"]
[EventDate "2017.??.??"]

1. e4 c5 2. Nf3 Nc6 3. Bb5 g6 4. Bxc6 bxc6 5. d4 Bg7 6. O-O cxd4 7. Nxd4 e5 8.
Nf3 d6 9. c4 Ne7 10. Nc3 O-O 11. Re1 f5 12. c5 fxe4 13. cxd6 exf3 14. Bg5
1/2-1/2

[Event "Vlaams kampioenschap 17"]
[Site "KGSRL"]
[Date "2017.05.25"]
[Round "1.5"]
[White "Barbe, Tom"]
[Black "Roos, Adrian"]
[Result "1/2-1/2"]
[WhiteElo "2015"]
[BlackElo "2283"]
[PlyCount "66"]
[EventDate "2017.??.??"]

1. d4 Nf6 2. c4 e6 3. Nc3 Bb4 4. e3 b6 5. Nge2 Bb7 6. a3 Bd6 7. Ng3 h5 8. f3 h4
9. Nge4 Nxe4 10. Nxe4 Bxe4 11. fxe4 Qg5 12. e5 Be7 13. Qf3 Nc6 14. Bd3 Rc8 15.
Bd2 f6 16. exf6 Bxf6 17. Qe4 Ne7 18. O-O c5 19. Rf2 Nf5 20. dxc5 bxc5 21. Raf1
Nd6 22. Qf3 Nf7 23. e4 Qh5 24. Qxh5 Rxh5 25. Kh1 Rh8 26. b4 Ne5 27. Be2 cxb4
28. Bxb4 Be7 29. Bc3 Bf6 30. Bb4 Be7 31. Bc3 Bf6 32. Bb4 Be7 33. Bc3 Bf6
1/2-1/2

[Event "Vlaams kampioenschap 17"]
[Site "KGSRL"]
[Date "2017.05.25"]
[Round "1.7"]
[White "Todts, Benny"]
[Black "Beukema, Jasper"]
[Result "0-1"]
[WhiteElo "2008"]
[BlackElo "2214"]
[PlyCount "57"]
[EventDate "2017.??.??"]

1. Nf3 f5 2. e4 fxe4 3. Ng5 Nf6 4. d3 e5 5. dxe4 c6 6. Bc4 d5 7. exd5 cxd5 8.
Bb3 Nc6 9. O-O Bg4 10. Qd3 Qd7 11. Nc3 e4 12. Qb5 h6 13. f3 Nd4 14. Qxd7+ Bxd7
15. Bxd5 hxg5 16. Bxb7 Rb8 17. Bxe4 Nxe4 18. fxe4 Nxc2 19. Rb1 Bc5+ 20. Kh1 Bd6
21. h3 g4 22. Bf4 Bxf4 23. Rxf4 gxh3 24. g3 Ne3 25. Rf3 Nc4 26. Rf2 Rf8 27. Rc2
Rf3 28. Kh2 Ne3 29. Rcc1 0-1

[Event "Vlaams kampioenschap 17"]
[Site "KGSRL"]
[Date "2017.05.25"]
[Round "1.8"]
[White "Maddens, Martijn"]
[Black "Adriaens, Peter"]
[Result "0-1"]
[WhiteElo "2200"]
[BlackElo "1924"]
[PlyCount "140"]
[EventDate "2017.??.??"]

1. e4 c5 2. c3 d5 3. exd5 Qxd5 4. d4 g6 5. Na3 cxd4 6. Be3 Bg7 7. Nf3 Bg4 8.
Bc4 Qa5 9. Bxd4 Nf6 10. Qb3 O-O 11. Ne5 Nc6 12. Bxf7+ Kh8 13. Nxc6 bxc6 14. Nc4
Qa6 15. f3 Rab8 16. Nb6 Bf5 17. g4 Bc8 18. h4 Qd3 19. h5 Qxf3 20. Rh2 Qg3+ 21.
Rf2 Nxg4 22. O-O-O Bxd4 23. Re2 Qf4+ 24. Kb1 Rxb6 25. Qc4 Qf5+ 26. Ka1 Bf6 27.
hxg6 hxg6 28. Re4 Qf2 29. Re2 Qf3 30. Bxg6 Ba6 31. Qc5 Nh6 32. Bh5 Rb5 33. Qxb5
Bxb5 34. Bxf3 Bxe2 35. Bxe2 Nf5 36. Rd7 Rg8 37. a4 Rg1+ 38. Ka2 Rg2 39. Bf3 Rf2
40. Bxc6 Bxc3 41. Kb3 Bf6 42. Be4 Rxb2+ 43. Ka3 Nd6 44. Bd5 Rd2 45. Be6 Re2 46.
Bd5 Re5 47. Bc6 a5 48. Ra7 Rc5 49. Bd7 Kg7 50. Kb3 Kh6 51. Ra8 Kg7 52. Be6 Bc3
53. Bd7 Bb4 54. Bg4 Rc3+ 55. Ka2 Ra3+ 56. Kb2 Rxa4 57. Bd1 Nc4+ 58. Kb3 Ra1 59.
Rd8 Nd6 60. Bc2 Ra3+ 61. Kb2 Nc4+ 62. Kb1 Bc3 63. Bd3 Ne3 64. Kc1 Ra1+ 65. Bb1
e5 66. Rd3 Bd4 67. Rd2 Nd5 68. Rg2+ Kf7 69. Rh2 Nc3 70. Rh7+ Kg8 0-1

[Event "Vlaams kampioenschap 17"]
[Site "KGSRL"]
[Date "2017.05.25"]
[Round "1.9"]
[White "Deketelaere, Francky"]
[Black "Van Herck, Marcel"]
[Result "1-0"]
[WhiteElo "1750"]
[BlackElo "2167"]
[PlyCount "85"]
[EventDate "2017.??.??"]

1. d4 Nf6 2. Nf3 e6 3. e3 b6 4. Bd3 Bb7 5. Nbd2 c5 6. c3 Be7 7. O-O O-O 8. e4
d6 9. Qe2 Nc6 10. dxc5 bxc5 11. Rd1 Qc7 12. Nf1 Rfe8 13. h3 Bf8 14. Bf4 Nd7 15.
Rd2 Rad8 16. Rad1 e5 17. Bg5 Be7 18. Ne3 Nb6 19. Bb5 Bxg5 20. Nxg5 h6 21. Nf3
Rf8 22. Nf5 Nc8 23. N3h4 Kh7 24. Qe3 N6e7 25. Bc4 g5 26. Nxe7 Nxe7 27. Nf5 Nxf5
28. exf5 f6 29. Be6 Bc6 30. Rd3 Qb7 31. Bd5 Bxd5 32. Rxd5 Qxb2 33. Rxd6 Rxd6
34. Rxd6 Qb1+ 35. Kh2 Qxf5 36. Qxc5 Rf7 37. Rd8 Qe6 38. a4 Kg7 39. a5 Qe7 40.
Qc8 Kg6 41. g4 Qc7 42. Rg8+ Rg7 43. Qxc7 1-0

[Event "Vlaams kampioenschap 17"]
[Site "KGSRL"]
[Date "2017.05.25"]
[Round "1.10"]
[White "Goossens, Hanne"]
[Black "Engelmann, Yannick"]
[Result "1-0"]
[WhiteElo "2149"]
[BlackElo "1721"]
[PlyCount "59"]
[EventDate "2017.??.??"]

1. e4 c5 2. Nf3 Nc6 3. d4 cxd4 4. Nxd4 g6 5. Nc3 Bg7 6. Be3 Nf6 7. Bc4 O-O 8.
Bb3 Ng4 9. Qxg4 Nxd4 10. Qd1 Nxb3 11. axb3 a6 12. Nd5 d6 13. c3 Be6 14. O-O Rc8
15. Re1 Rc6 16. b4 Qd7 17. Qe2 b5 18. Ra5 Qb7 19. Bg5 Re8 20. Rea1 Rc4 21. Rxa6
Bxd5 22. exd5 Qxd5 23. Be3 Rb8 24. Rd1 Qf5 25. h3 d5 26. Bc5 Re4 27. Qd2 d4 28.
cxd4 Bxd4 29. Bxd4 Rd8 30. Bc3 1-0

[Event "Vlaams kampioenschap 17"]
[Site "KGSRL"]
[Date "2017.05.25"]
[Round "1.11"]
[White "Van Steenkiste, Luc"]
[Black "Van Houtte, Randy"]
[Result "1-0"]
[WhiteElo "1709"]
[BlackElo "2065"]
[PlyCount "93"]
[EventDate "2017.??.??"]

1. d4 d5 2. e4 dxe4 3. Nc3 Nf6 4. f3 exf3 5. Nxf3 e6 6. Bg5 Be7 7. Bd3 h6 8.
Be3 Nbd7 9. Qe2 c6 10. h3 b5 11. O-O b4 12. Ne4 Nd5 13. Bd2 Qb6 14. c4 N5f6 15.
Be3 Nxe4 16. Bxe4 Nf6 17. Bc2 Bb7 18. Ne5 a5 19. Ba4 Qc7 20. Rf3 Bd6 21. Bf4
Nh5 22. Bh2 f6 23. Raf1 O-O-O 24. c5 Bxe5 25. dxe5 Qe7 26. g4 Qxc5+ 27. Kg2 Qe7
28. Kg1 c5 29. Re3 f5 30. gxh5 Rhg8 31. Rg3 Qh4 32. Bb3 Qd4+ 33. Rf2 Bd5 34.
Rd3 Qe4 35. Qxe4 fxe4 36. Rg3 Bxb3 37. axb3 Rd5 38. Rg6 Rd3 39. Rxe6 e3 40. Re2
Rxb3 41. Rc6+ Kb7 42. Rxc5 Rd8 43. Bf4 Rd1+ 44. Kg2 Kb6 45. Rcc2 Rdd3 46. e6
Rd4 47. Bxe3 1-0

[Event "Vlaams kampioenschap 17"]
[Site "KGSRL"]
[Date "2017.05.25"]
[Round "1.12"]
[White "De Bock, Thijs"]
[Black "Raats, Joppe"]
[Result "0-1"]
[WhiteElo "2064"]
[BlackElo "1705"]
[PlyCount "144"]
[EventDate "2017.??.??"]

1. e4 e5 2. Nf3 Nc6 3. Bb5 Bc5 4. O-O d6 5. d4 exd4 6. Nxd4 Bd7 7. Be3 Bb6 8.
Nc3 Nf6 9. Nd5 O-O 10. Nxb6 axb6 11. Nxc6 Bxc6 12. Bxc6 bxc6 13. f3 Re8 14. Bg5
Re5 15. Bf4 Re8 16. Qd2 h6 17. Qc3 c5 18. Rfd1 Qe7 19. a4 Nd7 20. a5 bxa5 21.
Rxa5 Rxa5 22. Qxa5 Nb6 23. Qb5 Ra8 24. Bxd6 Qd8 25. e5 cxd6 26. exd6 Nd7 27.
Re1 Rb8 28. Qc4 Rb4 29. Qd5 Rd4 30. Qc6 Nf6 31. Qxc5 Qxd6 32. Qc8+ Qd8 33.
Qxd8+ Rxd8 34. Kf2 Kf8 35. c4 Rd2+ 36. Re2 Rxe2+ 37. Kxe2 Ke7 38. Kd3 Kd6 39.
Kd4 Kc6 40. b4 Nd7 41. c5 Nf6 42. Kc4 Ne8 43. b5+ Kb7 44. Kd5 Kc7 45. b6+ Kb7
46. g4 g6 47. h4 h5 48. g5 Ng7 49. Kd6 Nf5+ 50. Kd7 Nd4 51. f4 Ne6 52. Ke7 Nxf4
53. Kxf7 Kc6 54. Kf6 Kb7 55. Ke5 Ng2 56. Kd6 Nxh4 57. Kd7 Nf5 58. c6+ Kxb6 59.
c7 Ne7 60. Kxe7 Kxc7 61. Kf6 h4 62. Kxg6 h3 63. Kf7 h2 64. g6 h1=Q 65. g7 Qf3+
66. Ke7 Qg4 67. Kf7 Qf5+ 68. Ke7 Qg6 69. Kf8 Qf6+ 70. Ke8 Kd6 71. g8=N Qg7 72.
Nf6 Qe7# 0-1

[Event "Vlaams kampioenschap 17"]
[Site "KGSRL"]
[Date "2017.05.25"]
[Round "1.13"]
[White "Verheyen, Olivier"]
[Black "Boons, Patrick"]
[Result "0-1"]
[WhiteElo "1695"]
[BlackElo "2031"]
[PlyCount "120"]
[EventDate "2017.??.??"]

1. e4 c6 2. d4 d5 3. exd5 Qxd5 4. Nf3 Bg4 5. Be2 Nd7 6. O-O Ngf6 7. c4 Qd6 8.
Nbd2 e6 9. b3 Be7 10. Bb2 O-O 11. h3 Bh5 12. Ne5 Bxe2 13. Qxe2 a5 14. f4 a4 15.
g4 a3 16. Bc3 Rad8 17. Rad1 b5 18. f5 exf5 19. Rxf5 b4 20. Ba1 g6 21. Rf2 Rde8
22. Qf3 c5 23. g5 cxd4 24. Nd3 Nh5 25. Ne4 Qb6 26. c5 Qe6 27. Bxd4 Bd8 28. Nd6
Bxg5 29. Re1 Qxe1+ 30. Nxe1 Rxe1+ 31. Rf1 Re7 32. c6 Bf4 33. Ne4 Ne5 34. Nf6+
Nxf6 35. Qxf4 Nh5 36. Qe4 Ng3 37. Qg2 Nxf1 38. Qxf1 Rfe8 39. Bxe5 Rxe5 40. Qc4
Re4 41. Qb5 R8e5 42. Qd3 Re3 43. Qd2 Rg3+ 44. Kf2 Rc3 45. c7 Rec5 46. Qd8+ Kg7
47. Qd4+ f6 48. Qxb4 Rxc7 49. Qxa3 Rxh3 50. Qd6 Rc2+ 51. Kg1 Re3 52. Kf1 Rxa2
53. Qc7+ Kg8 54. Qc4+ Kf8 55. Qc5+ Re7 56. Qc8+ Kg7 57. Qc5 Rd7 58. Ke1 Rb2 59.
Qc3 Rb1+ 60. Kf2 Rb7 0-1

[Event "Vlaams kampioenschap 17"]
[Site "KGSRL"]
[Date "2017.05.25"]
[Round "2.2"]
[White "Cools, Gorik"]
[Black "Adriaens, Peter"]
[Result "1/2-1/2"]
[WhiteElo "2315"]
[BlackElo "1924"]
[PlyCount "94"]
[EventDate "2017.??.??"]

1. e4 c5 2. Nf3 g6 3. Nc3 Bg7 4. a4 Nc6 5. Bb5 Nd4 6. O-O e6 7. Re1 Ne7 8. d3
O-O 9. Bc4 d5 10. Ba2 dxe4 11. dxe4 Qb6 12. Nd2 Rd8 13. Ne2 Nec6 14. c3 Nxe2+
15. Qxe2 Ne5 16. Nc4 Nxc4 17. Bxc4 h6 18. e5 Qc7 19. a5 Bd7 20. Bf4 b6 21. axb6
axb6 22. h4 Bc6 23. Qe3 Qe7 24. g3 Rxa1 25. Rxa1 Ba8 26. f3 Qb7 27. Kf2 b5 28.
Bd3 Qxf3+ 29. Qxf3 Bxf3 30. Bxg6 Bd5 31. Bh5 b4 32. Ra7 f6 33. Bf7+ Kh8 34.
exf6 Bxf6 35. Bxh6 bxc3 36. bxc3 Bxc3 37. g4 c4 38. Be3 Rf8 39. Ke2 Rb8 40. h5
Rb2+ 41. Kf1 Rb1+ 42. Kf2 Rb2+ 43. Kg3 Be5+ 44. Kh4 Bf6+ 45. g5 Be5 46. g6 Rh2+
47. Kg4 Rg2+ 1/2-1/2

[Event "Vlaams kampioenschap 17"]
[Site "KGSRL"]
[Date "2017.05.25"]
[Round "2.3"]
[White "Beukema, Jasper"]
[Black "Deketelaere, Francky"]
[Result "1-0"]
[WhiteElo "2214"]
[BlackElo "1750"]
[PlyCount "53"]
[EventDate "2017.??.??"]

1. d4 d6 2. e4 Nf6 3. Nc3 e5 4. Nge2 Nbd7 5. g3 Be7 6. Bg2 c6 7. O-O Qc7 8. h3
O-O 9. Be3 Re8 10. g4 h6 11. Ng3 Nf8 12. f4 exf4 13. Bxf4 Ng6 14. Be3 Rf8 15.
Nf5 Bd8 16. Qd2 Bxf5 17. gxf5 Nh8 18. Bxh6 gxh6 19. Qxh6 Nh7 20. Rf4 Bg5 21.
Rg4 f6 22. h4 Rf7 23. Ne2 Qe7 24. Nf4 Rg7 25. hxg5 Nxg5 26. Nh5 Rf7 27. Nxf6+
1-0

[Event "Vlaams kampioenschap 17"]
[Site "KGSRL"]
[Date "2017.05.25"]
[Round "2.4"]
[White "Dardha, Daniel"]
[Black "Hamblok, Roel"]
[Result "1/2-1/2"]
[WhiteElo "2088"]
[BlackElo "2311"]
[PlyCount "164"]
[EventDate "2017.??.??"]

1. d4 d5 2. c4 e6 3. Nf3 Nf6 4. g3 Bb4+ 5. Bd2 Bd6 6. Bg2 O-O 7. O-O c6 8. Nc3
dxc4 9. Ne5 Bxe5 10. dxe5 Ng4 11. Ne4 Nxe5 12. Bb4 Re8 13. Nd6 Rf8 14. Nxc8
Qxc8 15. Bxf8 Qxf8 16. Qd4 Ned7 17. Qxc4 Nb6 18. Qc2 Na6 19. Rfd1 Qe7 20. a3
Nc7 21. b4 h6 22. Rd3 Rc8 23. Rad1 Ncd5 24. e4 Nc7 25. Qc5 Qe8 26. Qc2 Qe7 27.
Qd2 Re8 28. Rd8 Kf8 29. f4 e5 30. Rxe8+ Kxe8 31. fxe5 Nd7 32. Qf2 b6 33. Qf5
Ne6 34. Bh3 g6 35. Qf1 Nxe5 36. Qa6 Qc7 37. Bxe6 fxe6 38. Qe2 Qe7 39. Qe3 g5
40. Kg2 Kf7 41. Qd4 Qc7 42. Rf1+ Kg6 43. Qf2 Qe7 44. Qf8 Qxf8 45. Rxf8 Nc4 46.
Ra8 a5 47. Rc8 Ne5 48. bxa5 bxa5 49. Ra8 Nc4 50. a4 Kf6 51. Ra6 c5 52. Rc6 Ke5
53. Rxc5+ Kd4 54. Rc6 e5 55. Rxh6 Kxe4 56. Rg6 Ne3+ 57. Kf2 g4 58. Ke2 Kd4 59.
Rd6+ Ke4 60. Ra6 Nc4 61. Rg6 Kf5 62. Rc6 Nb2 63. Rc5 Nxa4 64. Rxa5 Nc3+ 65. Kd3
Ne4 66. Ke3 Nf6 67. Ra1 Nd5+ 68. Kd3 Nf6 69. Re1 Ke6 70. Kc4 Kf5 71. Kc5 Ne4+
72. Kd5 Nf6+ 73. Kd6 Ne4+ 74. Ke7 Ng5 75. Rf1+ Nf3 76. Rf2 e4 77. Re2 Ke5 78.
Kf7 Kd4 79. Kf6 Kd3 80. Ra2 e3 81. Kf5 e2 82. Rxe2 Kxe2 1/2-1/2

[Event "Vlaams kampioenschap 17"]
[Site "KGSRL"]
[Date "2017.05.25"]
[Round "2.5"]
[White "Roos, Adrian"]
[Black "Bomans, Arno"]
[Result "1/2-1/2"]
[WhiteElo "2283"]
[BlackElo "2274"]
[PlyCount "57"]
[EventDate "2017.??.??"]

1. d4 f5 2. c4 Nf6 3. Nc3 g6 4. g3 Bg7 5. Bg2 d6 6. Nf3 O-O 7. O-O Qe8 8. Re1
Qf7 9. e4 fxe4 10. Ng5 Qxc4 11. Ngxe4 Nxe4 12. Rxe4 Qf7 13. Rf4 Bf6 14. Nd5 Na6
15. Qb3 Kh8 16. Nxf6 exf6 17. Bd5 Qg7 18. Bc4 c6 19. d5 Nc5 20. Qa3 b5 21. Bf1
cxd5 22. Bxb5 Ne6 23. Ra4 Bd7 24. Bxd7 Qxd7 25. Be3 f5 26. Rxa7 Rxa7 27. Qxa7
Qxa7 28. Bxa7 Ra8 29. Re1 1/2-1/2

[Event "Vlaams kampioenschap 17"]
[Site "KGSRL"]
[Date "2017.05.25"]
[Round "2.7"]
[White "Van Capellen, Jonas"]
[Black "Draftian, Ashote"]
[Result "1/2-1/2"]
[WhiteElo "2187"]
[BlackElo "2285"]
[PlyCount "62"]
[EventDate "2017.??.??"]

1. d4 f5 2. c4 Nf6 3. Nc3 e6 4. Nf3 d5 5. Bf4 c6 6. e3 Be7 7. Bd3 O-O 8. Qc2
Ne4 9. h3 Nd7 10. O-O Qe8 11. Ne2 g5 12. Bh2 Qh5 13. Ne5 Nxe5 14. Bxe5 Bd7 15.
f3 Nd6 16. Rab1 Qh6 17. b4 Rac8 18. Bh2 b5 19. c5 Nc4 20. Bxc4 dxc4 21. Qd2 Bf6
22. a4 a6 23. Ra1 Rf7 24. axb5 axb5 25. Ra7 Qg7 26. Bd6 h5 27. g3 Rd8 28. Qc3
Re8 29. Be5 Rd8 30. Bd6 Re8 31. Be5 Rd8 1/2-1/2

[Event "Vlaams kampioenschap 17"]
[Site "KGSRL"]
[Date "2017.05.25"]
[Round "2.9"]
[White "Van Herck, Marcel"]
[Black "Todts, Benny"]
[Result "1/2-1/2"]
[WhiteElo "2167"]
[BlackElo "2008"]
[PlyCount "116"]
[EventDate "2017.??.??"]

1. d4 c5 2. Nf3 cxd4 3. Nxd4 d5 4. g3 e5 5. Nb3 Nf6 6. Bg5 Be6 7. Bg2 Nc6 8.
Bxf6 gxf6 9. e4 dxe4 10. Qxd8+ Rxd8 11. Bxe4 Nb4 12. Na3 b6 13. O-O f5 14. Bf3
Bg7 15. Bd1 e4 16. c3 Nd3 17. Rb1 O-O 18. Nc1 Nxc1 19. Rxc1 Rd2 20. Bc2 Bxa2
21. Rfd1 Rfd8 22. Nb5 Rxd1+ 23. Rxd1 Rxd1+ 24. Bxd1 a5 25. Nd6 Be6 26. f3 Be5
27. Nb5 Bc4 28. Na3 Bd3 29. Kf2 Bd6 30. Ke3 Kg7 31. Nc2 Bc5+ 32. Nd4 b5 33. g4
Kf6 34. gxf5 Bxd4+ 35. cxd4 Kxf5 36. Bb3 a4 37. Bxf7 b4 38. Bd5 Bb5 39. Bxe4+
Kf6 40. Bxh7 Bc4 41. Bb1 a3 42. bxa3 bxa3 43. Kf4 a2 44. Bxa2 Bxa2 45. h4 Bd5
46. h5 Bc6 47. Kg4 Bd7+ 48. Kh4 Kf5 49. d5 Bc8 50. f4 Kf6 51. Kg3 Kg7 52. Kf3
Bf5 53. Ke3 Kh6 54. Kd4 Kxh5 55. Ke5 Kg4 56. d6 Bd7 57. f5 Bxf5 58. d7 Bxd7
1/2-1/2

[Event "Vlaams kampioenschap 17"]
[Site "KGSRL"]
[Date "2017.05.25"]
[Round "2.11"]
[White "Boons, Patrick"]
[Black "Moerman, Thomas"]
[Result "0-1"]
[WhiteElo "2031"]
[BlackElo "1784"]
[PlyCount "60"]
[EventDate "2017.??.??"]

1. e4 c5 2. Nc3 e6 3. g3 d5 4. d3 d4 5. Nce2 e5 6. Bg2 Nc6 7. f4 Nf6 8. Nf3 Bd6
9. O-O O-O 10. h3 b5 11. fxe5 Nxe5 12. Bg5 Rb8 13. Bxf6 Nxf3+ 14. Rxf3 gxf6 15.
Nf4 Be5 16. Nh5 Kh8 17. Qe2 Rg8 18. Raf1 Rb6 19. Qf2 Rg6 20. Nf4 Rh6 21. Qd2
Qf8 22. g4 Ra6 23. a3 c4 24. Nd5 Rg6 25. Qf2 Qd8 26. c3 dxc3 27. d4 Bb8 28.
bxc3 Qd6 29. Bh1 Bxg4 30. e5 Bxf3+ 0-1

[Event "Vlaams kampioenschap 17"]
[Site "KGSRL"]
[Date "2017.05.25"]
[Round "2.12"]
[White "De Simpelaere, Freddy"]
[Black "Maerevoet, Sim"]
[Result "0-1"]
[WhiteElo "1735"]
[BlackElo "2025"]
[PlyCount "48"]
[EventDate "2017.??.??"]

1. b4 Nf6 2. Bb2 e6 3. a3 b6 4. Nf3 Bb7 5. e3 Be7 6. Be2 O-O 7. O-O d5 8. d3
Nbd7 9. Nbd2 c5 10. b5 Qc7 11. Rc1 e5 12. d4 e4 13. Ne5 c4 14. Nxd7 Nxd7 15. c3
Bd6 16. g3 a6 17. bxa6 Rxa6 18. Ra1 Rfa8 19. f3 exf3 20. a4 fxe2 21. Qxe2 Rxa4
22. Qh5 Nf6 23. Qf3 Rxa1 24. Bxa1 Ra2 0-1

[Event "Vlaams kampioenschap 17"]
[Site "KGSRL"]
[Date "2017.05.25"]
[Round "2.13"]
[White "Artels, Lieven"]
[Black "Vande Ginste, Michiel"]
[Result "1-0"]
[WhiteElo "2013"]
[BlackElo "1763"]
[PlyCount "65"]
[EventDate "2017.??.??"]

1. e4 c5 2. Nf3 d6 3. d4 cxd4 4. Nxd4 Nf6 5. Nc3 g6 6. Be2 Bg7 7. Be3 Nc6 8.
Qd2 O-O 9. O-O Ne5 10. h3 Be6 11. Nxe6 fxe6 12. f4 Nc6 13. f5 d5 14. exd5 exd5
15. Rad1 gxf5 16. Nxd5 Qxd5 17. Qxd5+ Nxd5 18. Rxd5 e5 19. Rd7 b6 20. Bb5 Rac8
21. c3 f4 22. Bc1 a5 23. Rd6 Rf6 24. Rfd1 Na7 25. Ba4 b5 26. Bb3+ Kh8 27. Rd7
Bf8 28. Kf1 Bc5 29. Bc2 h6 30. Rh7+ Kg8 31. Rdd7 Nc6 32. Bb3+ Kf8 33. Rh8# 1-0

[Event "Vlaams kampioenschap 17"]
[Site "KGSRL"]
[Date "2017.05.27"]
[Round "3.1"]
[White "Beukema, Jasper"]
[Black "Piceu, Tom"]
[Result "0-1"]
[WhiteElo "2214"]
[BlackElo "2374"]
[PlyCount "70"]
[EventDate "2017.??.??"]

1. e4 c5 2. Nf3 d6 3. d4 cxd4 4. Nxd4 Nf6 5. Nc3 a6 6. a4 e5 7. Nb3 Be6 8. Bg5
Nbd7 9. a5 h6 10. Be3 Ng4 11. Bc1 Be7 12. Be2 Ngf6 13. Be3 O-O 14. O-O Rc8 15.
f4 exf4 16. Bxf4 Nc5 17. Bf3 Nxb3 18. cxb3 Rc5 19. Be3 Rxa5 20. Rc1 d5 21. e5
Ne4 22. b4 Bxb4 23. Nxe4 dxe4 24. Qxd8 Rxd8 25. Bb6 exf3 26. Bxd8 fxg2 27. Kxg2
Rxe5 28. Bb6 Bd6 29. Rf2 Rg5+ 30. Kf1 Bd7 31. Bd4 Bb5+ 32. Ke1 Bb4+ 33. Bc3 Bc5
34. Rfc2 Be3 35. Bd2 Rg1# 0-1

[Event "Vlaams kampioenschap 17"]
[Site "KGSRL"]
[Date "2017.05.27"]
[Round "3.2"]
[White "Adriaens, Peter"]
[Black "Ghyselen, Wouter"]
[Result "1-0"]
[WhiteElo "1924"]
[BlackElo "2152"]
[PlyCount "39"]
[EventDate "2017.??.??"]

1. d4 d6 2. Nf3 g6 3. c4 f5 4. g3 Nf6 5. Bg2 Bg7 6. O-O O-O 7. b3 e5 8. dxe5
dxe5 9. Bb2 e4 10. Nd4 Ng4 11. h3 Ne5 12. Qc2 c5 13. Nb5 Nbc6 14. Rd1 Qe7 15.
N1c3 Nb4 16. Nd5 Nxd5 17. cxd5 Bd7 18. d6 Qf7 19. Nc7 Rad8 20. Qxc5 1-0

[Event "Vlaams kampioenschap 17"]
[Site "KGSRL"]
[Date "2017.05.27"]
[Round "3.3"]
[White "Hamblok, Roel"]
[Black "Cools, Gorik"]
[Result "1/2-1/2"]
[WhiteElo "2311"]
[BlackElo "2315"]
[PlyCount "45"]
[EventDate "2017.??.??"]

1. d4 Nf6 2. Bf4 g6 3. e3 Bg7 4. Nf3 O-O 5. h3 c5 6. c3 d6 7. Nbd2 Nc6 8. Be2
cxd4 9. cxd4 Re8 10. Bh2 e5 11. O-O e4 12. Ne1 d5 13. Nc2 h5 14. b4 Qe7 15. a3
a5 16. b5 Nd8 17. Rc1 b6 18. Nb1 Ne6 19. Na1 Bb7 20. Qb3 Rac8 21. Nc3 Bf8 22.
Nc2 Qd8 23. Be5 1/2-1/2

[Event "Vlaams kampioenschap 17"]
[Site "KGSRL"]
[Date "2017.05.27"]
[Round "3.6"]
[White "Deketelaere, Francky"]
[Black "Dardha, Daniel"]
[Result "0-1"]
[WhiteElo "1750"]
[BlackElo "2088"]
[PlyCount "70"]
[EventDate "2017.??.??"]

1. d4 Nf6 2. Nf3 e6 3. e3 c5 4. Bd3 Nc6 5. c3 d5 6. Nbd2 Bd6 7. O-O O-O 8. dxc5
Bxc5 9. e4 Qc7 10. Qe2 h6 11. h3 Nh5 12. Qd1 Qg3 13. Nb3 Bb6 14. Nbd4 Nxd4 15.
cxd4 Qc7 16. e5 Bd7 17. g4 f6 18. gxh5 fxe5 19. dxe5 Be8 20. Bg6 Bxg6 21. hxg6
Rf5 22. Be3 Raf8 23. Nd4 Rxe5 24. Qd2 Re4 25. Rac1 Qe5 26. f4 Qf6 27. Rcd1
Qxg6+ 28. Kh2 Qh5 29. Rf2 e5 30. fxe5 Rxf2+ 31. Bxf2 Bxd4 32. Re1 Qxe5+ 33. Bg3
Qf5 34. Rd1 Qf3 35. Re1 Bg1+ 0-1

[Event "Vlaams kampioenschap 17"]
[Site "KGSRL"]
[Date "2017.05.27"]
[Round "3.7"]
[White "Draftian, Ashote"]
[Black "Van Herck, Marcel"]
[Result "1/2-1/2"]
[WhiteElo "2285"]
[BlackElo "2167"]
[PlyCount "76"]
[EventDate "2017.??.??"]

1. f4 d5 2. e3 Nf6 3. Nf3 g6 4. d4 Bg7 5. Bd3 O-O 6. O-O c5 7. c3 b6 8. Qe2 Bb7
9. b3 Ne4 10. Bb2 Nd7 11. a4 Rc8 12. Na3 cxd4 13. cxd4 Ndf6 14. Nb5 a6 15. Na3
a5 16. Nb5 Nd6 17. Ne5 Nfe4 18. Rfc1 f6 19. Rxc8 Nxc8 20. Nf3 e6 21. Rc1 Rf7
22. Qc2 Ned6 23. g4 Nxb5 24. axb5 Nd6 25. g5 Qd7 26. gxf6 Bxf6 27. Qe2 Rf8 28.
Kh1 Rc8 29. Rg1 Nf5 30. Bxf5 exf5 31. Ne5 Bxe5 32. fxe5 f4 33. exf4 Qf5 34. Qg4
Qe4+ 35. Rg2 Qb1+ 36. Rg1 Qe4+ 37. Rg2 Qb1+ 38. Rg1 Qe4+ 1/2-1/2

[Event "Vlaams kampioenschap 17"]
[Site "KGSRL"]
[Date "2017.05.27"]
[Round "3.9"]
[White "Todts, Benny"]
[Black "Maddens, Martijn"]
[Result "0-1"]
[WhiteElo "2008"]
[BlackElo "2200"]
[PlyCount "50"]
[EventDate "2017.??.??"]

1. d4 d5 2. c4 e6 3. Nc3 c6 4. Bf4 dxc4 5. e4 b5 6. Nf3 Bb4 7. Be2 Nf6 8. Qc2
Bb7 9. O-O O-O 10. Bg5 h6 11. Bh4 g5 12. Bg3 Nbd7 13. h4 Nh5 14. Bh2 g4 15. Ne5
Nxe5 16. Bxe5 Qxh4 17. Qd2 Kh7 18. g3 Qg5 19. Qxg5 hxg5 20. Bxg4 Kg6 21. Bxh5+
Kxh5 22. Bf6 Kg6 23. e5 c5 24. Nxb5 Bf3 25. a3 Rh8 0-1

[Event "Vlaams kampioenschap 17"]
[Site "KGSRL"]
[Date "2017.05.27"]
[Round "3.10"]
[White "Goossens, Hanne"]
[Black "Verbruggen, Samuel"]
[Result "1-0"]
[WhiteElo "2149"]
[BlackElo "1957"]
[PlyCount "41"]
[EventDate "2017.??.??"]

1. e4 c5 2. Nf3 Nc6 3. d4 cxd4 4. Nxd4 Nf6 5. Nc3 e5 6. Ndb5 d6 7. Bg5 a6 8.
Na3 b5 9. Bxf6 gxf6 10. Nd5 Bg7 11. c3 Ne7 12. Nc2 Be6 13. Nce3 Nxd5 14. exd5
Bd7 15. Bd3 Bh6 16. O-O f5 17. Bxf5 Qh4 18. Bxd7+ Kxd7 19. Nf5 Qg5 20. Qf3 Rae8
21. Qh3 1-0

[Event "Vlaams kampioenschap 17"]
[Site "KGSRL"]
[Date "2017.05.27"]
[Round "3.11"]
[White "Maerevoet, Sim"]
[Black "Van de Wynkele, Rudy"]
[Result "1/2-1/2"]
[WhiteElo "2025"]
[BlackElo "1938"]
[PlyCount "85"]
[EventDate "2017.??.??"]

1. e4 c5 2. b4 cxb4 3. a3 Nc6 4. axb4 Nxb4 5. Ba3 e5 6. Nf3 Nc6 7. Bxf8 Kxf8 8.
Bc4 d6 9. O-O Bg4 10. h3 Bh5 11. Nc3 Nf6 12. g4 Bg6 13. Re1 Rc8 14. Bd5 a6 15.
Ra3 Nxd5 16. Nxd5 Ne7 17. Nc3 f6 18. d4 Bf7 19. Ne2 h5 20. g5 h4 21. Kh1 Be6
22. Nh2 f5 23. d5 Bd7 24. f4 Ng6 25. Rf1 exf4 26. Nxf4 Nxf4 27. Rxf4 Qxg5 28.
Raf3 Kg8 29. exf5 Rh5 30. Ng4 Rf8 31. Ne3 Qf6 32. Ng4 Qg5 33. Ne3 Qf6 34. c4
Rg5 35. Qe1 Qh6 36. Ng4 Qh5 37. f6 Rf5 38. Rxf5 Bxf5 39. Qe7 Rf7 40. Qe8+ Kh7
41. Rxf5 Qxf5 42. Qxf7 Qf3+ 43. Kh2 1/2-1/2

[Event "Vlaams kampioenschap 17"]
[Site "KGSRL"]
[Date "2017.05.27"]
[Round "3.13"]
[White "Peeters, Tim"]
[Black "Van Der Straeten, Lieven"]
[Result "1-0"]
[WhiteElo "2008"]
[BlackElo "1804"]
[PlyCount "89"]
[EventDate "2017.??.??"]

1. d4 Nf6 2. c4 g6 3. Nc3 Bg7 4. e4 d6 5. f3 O-O 6. Be3 c5 7. dxc5 dxc5 8. Qxd8
Rxd8 9. Bxc5 Nc6 10. Nd5 Nd7 11. Bxe7 Nxe7 12. Nxe7+ Kf8 13. Nd5 Bxb2 14. Rb1
Bg7 15. Nh3 Nc5 16. Nf2 f5 17. Nd3 Bd4 18. Nxc5 Bxc5 19. Nc7 Rb8 20. Na6 Bb6
21. Nxb8 Ba5+ 22. Ke2 fxe4 23. Rd1 exf3+ 24. gxf3 Re8+ 25. Kf2 Bb6+ 26. Kg2 Re7
27. Bd3 g5 28. Rhe1 Rg7 29. Be4 g4 30. f4 h5 31. c5 Ba5 32. Re3 h4 33. c6 g3
34. hxg3 b5 35. Nd7+ Kg8 36. Bd5+ Kh7 37. Rh1 Bxd7 38. Rxh4+ Kg6 39. cxd7 Rxd7
40. Rg4+ Kf6 41. Re6+ Kf7 42. Rd6+ Ke7 43. Rxd7+ Kxd7 44. Rg7+ Kd6 45. Rxa7 1-0